|
|
|
|
| LEADER |
00000cam a2200000 a 4500 |
| 001 |
007081 |
| 003 |
UAHC_CL |
| 005 |
20170803120319.0 |
| 008 |
130827s2006 cl 000 spa |
| 020 |
|
|
|a 9789561604117
|
| 040 |
|
|
|a UAHC_CL
|c UAHC_CL
|d UAHC_CL
|
| 082 |
0 |
4 |
|a 320.4049
|b F483
|2 21
|
| 100 |
1 |
|
|a Filippi, Emilio
|d 1928-
|
| 245 |
1 |
3 |
|a La clase política chilena /
|c Emilio Filippi.
|
| 260 |
|
|
|b Pehuén
|a Santiago, Chile
|c 2006
|
| 300 |
|
|
|a 230 p.
|
| 650 |
|
4 |
|a PODER EJECUTIVO
|z CHILE
|
| 650 |
|
4 |
|a PODER LEGISLATIVO
|z CHILE
|
| 650 |
|
4 |
|a GOBIERNO LOCAL
|z CHILE
|
| 653 |
|
|
|a CIENCIAS POLITICAS
|
| 900 |
|
|
|a 320.4049 FIL
|
| 942 |
|
|
|c BK
|
| 952 |
|
|
|0 0
|1 0
|4 0
|6 320_404900000000000_FIL
|7 0
|8 General
|9 15458
|a BC
|b BC
|c General
|d 2017-08-03
|l 0
|o 320.4049 FIL
|p 1410703
|r 2026-01-13 00:00:00
|t 1
|w 2017-08-03
|y BK
|
| 952 |
|
|
|0 0
|1 0
|4 0
|6 320_404900000000000_FIL
|7 0
|8 General
|9 15459
|a BC
|b BC
|c General
|d 2017-08-03
|l 0
|o 320.4049 FIL
|p 1410704
|r 2026-01-13 00:00:00
|t 2
|w 2017-08-03
|y BK
|
| 952 |
|
|
|0 0
|1 0
|4 0
|6 320_404900000000000_FIL
|7 0
|8 General
|9 15460
|a BC
|b BC
|c General
|d 2017-08-03
|l 0
|o 320.4049 FIL
|p 1410705
|r 2026-01-13 00:00:00
|t 3
|w 2017-08-03
|y BK
|
| 999 |
|
|
|c 7081
|d 7081
|